<?xml version="1.0" encoding="UTF-8"?>
<collection xmlns="http://www.loc.gov/MARC21/slim">
 <record>
  <leader>01520nam a22002177a 4500</leader>
  <controlfield tag="001">NCT_46759</controlfield>
  <controlfield tag="008">180713b        xxu||||| |||| 00| 0 vie d</controlfield>
  <datafield tag="999" ind1=" " ind2=" ">
   <subfield code="c">2238</subfield>
   <subfield code="d">2238</subfield>
  </datafield>
  <datafield tag="020" ind1=" " ind2=" ">
   <subfield code="c">79000</subfield>
  </datafield>
  <datafield tag="082" ind1="0" ind2="4">
   <subfield code="2">23rd ed.</subfield>
   <subfield code="a">005.133</subfield>
   <subfield code="b">Kh106/T.5-Q.4</subfield>
  </datafield>
  <datafield tag="100" ind1="1" ind2=" ">
   <subfield code="a">Phạm Hữu Khang</subfield>
   <subfield code="e">Chủ biên</subfield>
  </datafield>
  <datafield tag="245" ind1="1" ind2="0">
   <subfield code="a">C# 2005</subfield>
   <subfield code="n">Tập 5</subfield>
   <subfield code="p">Lập trình ASP.NET 2.0 Quyển 4: Đối tượng ADO.NET 2.0 và XML</subfield>
   <subfield code="c">Phạm Hữu Khang (chủ biên)</subfield>
  </datafield>
  <datafield tag="260" ind1=" " ind2=" ">
   <subfield code="a">H.</subfield>
   <subfield code="b">Lao động xã hội</subfield>
   <subfield code="c">2007</subfield>
  </datafield>
  <datafield tag="300" ind1=" " ind2=" ">
   <subfield code="a">347 tr.</subfield>
   <subfield code="c">24 cm</subfield>
   <subfield code="b">Minh họa</subfield>
  </datafield>
  <datafield tag="520" ind1="3" ind2=" ">
   <subfield code="a">Giới thiệu những kiến thức trọng yếu từ cơ bản đến nâng cao liên quan cách xây dựng cơ sở dữ liệu MS SQL Server, cách đọc dữ liệu từ đối tượng Cache để tránh kết nối cơ sở dữ liệu nhiều lần, ASP.NET 2.0 và XML.</subfield>
  </datafield>
  <datafield tag="653" ind1=" " ind2=" ">
   <subfield code="a">Công nghệ thông tin</subfield>
  </datafield>
  <datafield tag="942" ind1=" " ind2=" ">
   <subfield code="2">ddc</subfield>
   <subfield code="c">BK</subfield>
  </datafield>
  <datafield tag="952" ind1=" " ind2=" ">
   <subfield code="0">0</subfield>
   <subfield code="1">0</subfield>
   <subfield code="2">ddc</subfield>
   <subfield code="4">0</subfield>
   <subfield code="6">005_133000000000000_KH106_T_5Q_4</subfield>
   <subfield code="7">0</subfield>
   <subfield code="9">12770</subfield>
   <subfield code="a">000001</subfield>
   <subfield code="b">000001</subfield>
   <subfield code="d">2018-07-13</subfield>
   <subfield code="o">005.133 Kh106/T.5-Q.4</subfield>
   <subfield code="p">MD.02304</subfield>
   <subfield code="r">2018-07-13</subfield>
   <subfield code="v">79000.00</subfield>
   <subfield code="w">2018-07-13</subfield>
   <subfield code="y">BK</subfield>
  </datafield>
  <datafield tag="952" ind1=" " ind2=" ">
   <subfield code="0">0</subfield>
   <subfield code="1">0</subfield>
   <subfield code="2">ddc</subfield>
   <subfield code="4">0</subfield>
   <subfield code="6">005_133000000000000_KH106_T_5Q_4</subfield>
   <subfield code="7">0</subfield>
   <subfield code="9">12771</subfield>
   <subfield code="a">000001</subfield>
   <subfield code="b">000001</subfield>
   <subfield code="d">2018-07-13</subfield>
   <subfield code="o">005.133 Kh106/T.5-Q.4</subfield>
   <subfield code="p">MD.02301</subfield>
   <subfield code="r">2018-07-13</subfield>
   <subfield code="v">79000.00</subfield>
   <subfield code="w">2018-07-13</subfield>
   <subfield code="y">BK</subfield>
  </datafield>
  <datafield tag="952" ind1=" " ind2=" ">
   <subfield code="0">0</subfield>
   <subfield code="1">0</subfield>
   <subfield code="2">ddc</subfield>
   <subfield code="4">0</subfield>
   <subfield code="6">005_133000000000000_KH106_T_5Q_4</subfield>
   <subfield code="7">0</subfield>
   <subfield code="9">12772</subfield>
   <subfield code="a">000001</subfield>
   <subfield code="b">000001</subfield>
   <subfield code="d">2018-07-13</subfield>
   <subfield code="o">005.133 Kh106/T.5-Q.4</subfield>
   <subfield code="p">MD.02299</subfield>
   <subfield code="r">2018-07-13</subfield>
   <subfield code="v">79000.00</subfield>
   <subfield code="w">2018-07-13</subfield>
   <subfield code="y">BK</subfield>
  </datafield>
  <datafield tag="980" ind1=" " ind2=" ">
   <subfield code="a">Thư viện Trường Đại học Nam Cần Thơ</subfield>
  </datafield>
 </record>
</collection>
